Flags of the world : a comprehensive guide

Bibliographic Details
Format: Book
Published: London : Sunburst Books , 1995
Subjects:

MARC

LEADER 00000cam a2200000 7i4500
001 0000009829
002 000010704
005 20000330.0
020 |a 1857781791 
090 0 0 |a 929.92   |b FLA 
245 0 0 |a Flags of the world :   |b a comprehensive guide 
260 |a London :   |b Sunburst Books ,   |c 1995 
300 |a 96p. :   |b ill. ;   |c 30cm. 
650 0 0 |a Flags 
999 |a 00069464   |b BUKU   |c PINJAMAN   |e PERPUSTAKAAN KOMUNITI PETALING JAYA 
999 |a 051148   |b BUKU   |c PINJAMAN   |e PERPUSTAKAAN KOMUNITI PETALING JAYA